[Event "Mistrzostwa Polski Juniorow Mlodszych do lat 12 - OOM Zachodniopomorskie 2023"]
[Site "Darlowek"]
[Date "1899-12-30"]
[Round "4.16"]
[White "Lesik, Sebastian"]
[Black "Pawlicz, Filip"]
[Result "0-1"]
[WhiteTitle "II"]
[BlackTitle "II"]
[WhiteElo "1358"]
[BlackElo "1429"]

1. d4 d5 2. c4 e6 3. Nc3 a6 4. e3 Nf6 5. Nf3 dxc4 6. Bxc4 c5 7. O-O b5 8. Be2 Bb7
9. a4 b4 10. Nb1 Be7 11. Nbd2 Nbd7 12. Nc4 Nb6 13. Nfe5 cxd4 14. exd4 O-O 15.
Bf4 Nfd5 16. Bg3 Bf6 17. Na5 Qe7 18. Nxb7 Qxb7 19. a5 Bxe5 20. dxe5 Nc8 21. Bd3
Nce7 22. Re1 Ng6 23. Re4 Rfd8 24. Qe2 Qa7 25. Rd1 Qc5 26. Qh5 Nf6 27. Qe2 Nxe4
28. Qxe4 Rac8 29. Bh4 Rd4 30. Qe3 Rxh4 0-1

[Event "Mistrzostwa Polski Juniorow Mlodszych do lat 12 - OOM Zachodniopomorskie 2023"]
[Site "Darlowek"]
[Date "1899-12-30"]
[Round "4.17"]
[White "Boguszewski, Kacper"]
[Black "Gibala, Adam"]
[Result "0-1"]
[WhiteTitle "II"]
[BlackTitle "I"]
[WhiteElo "1275"]
[BlackElo "1915"]

1. e4 c5 2. Nf3 Nc6 3. d4 cxd4 4. Nxd4 Nf6 5. Nc3 d6 6. f3 e5 7. Nb3 Be7 8. Be3
O-O 9. Be2 a5 10. a4 Nb4 11. Nd5 Nfxd5 12. exd5 Bf5 13. Rc1 Bg5 14. Bxg5 Qxg5
15. Kf2 e4 16. fxe4 Bxe4 17. Bf3 Bxd5 18. Bxd5 Nxd5 19. Qf3 Nf6 20. h3 Rfe8 21.
Rhe1 Qh4+ 22. Kf1 d5 23. Rcd1 h5 24. Rxe8+ Rxe8 25. Nd4 Ne4 26. Ne2 Qf6 27. Qxf6
Nxf6 28. Nc3 Re5 29. Nb5 b6 30. Nd6 Kf8 31. Nc8 Re6 32. Na7 Ke7 33. Nb5 Re4 34.
b3 Ke6 35. Nd4+ Ke5 36. Nc6+ Kd6 37. Nd4 g6 38. g3 h4 39. g4 Nxg4 40. hxg4 Rxg4
41. Rd3 Kc5 42. c3 f5 43. Kf2 Kd6 44. Rh3 Ke7 45. Re3+ Re4 46. Nf3 h3 47. Rxe4+
dxe4 48. Ne1 f4 49. Kg1 g5 50. Nc2 e3 51. Nd4 g4 52. b4 Kd7 53. bxa5 bxa5 54.
c4 f3 55. Nf5 e2 56. Kf2 h2 57. Ng3 Kc6 0-1

[Event "Mistrzostwa Polski Juniorow Mlodszych do lat 12 - OOM Zachodniopomorskie 2023"]
[Site "Darlowek"]
[Date "1899-12-30"]
[Round "4.18"]
[White "Golab, Antoni"]
[Black "Rajbharath, Harjith"]
[Result "0-1"]
[WhiteTitle "II"]
[BlackTitle "II"]
[WhiteElo "1215"]
[BlackElo "1477"]

1. e4 e6 2. d4 d5 3. exd5 exd5 4. Nf3 Nf6 5. Bf4 Bf5 6. Be2 Bd6 7. Bxd6 Qxd6 8.
Nc3 a6 9. Qd2 Nbd7 10. O-O-O O-O 11. h3 b5 12. g4 Bg6 13. Nh4 b4 14. Na4 Ne4 15.
Qe1 Qf4+ 16. Kb1 Qxf2 17. Nxg6 fxg6 18. Bd3 Qxe1 19. Rdxe1 Nf2 20. Rh2 Nxd3 21.
cxd3 Rf3 22. Re7 Rd8 23. h4 Rxd3 24. Rxd7 Rxd7 25. Nc5 Rxd4 26. Nxd7 Rxg4 27.
Rf2 h5 28. Ne5 Rxh4 29. Nxg6 Rg4 30. Ne7+ Kh7 31. Nxd5 h4 32. Rh2 c6 33. Ne3 Re4
34. Nf5 g5 35. Rg2 Kg6 36. Nd6 Rd4 37. Nb7 h3 38. Rh2 g4 39. Nc5 Kh5 40. Ne6 Re4
41. Nc5 Re1+ 42. Kc2 Kh4 43. Kd2 g3 44. Rxh3+ Kxh3 45. Kxe1 g2 46. Nb3 g1=Q+ 47.
Kd2 Qf2+ 48. Kd3 Qxb2 0-1

[Event "Mistrzostwa Polski Juniorow Mlodszych do lat 12 - OOM Zachodniopomorskie 2023"]
[Site "Darlowek"]
[Date "1899-12-30"]
[Round "4.19"]
[White "Staniczek, Kacper"]
[Black "Ches, Krzysztof"]
[Result "1-0"]
[WhiteTitle "I"]
[BlackTitle "II"]
[WhiteElo "1464"]
[BlackElo "1346"]

1. e4 e5 2. Nf3 Nc6 3. Nc3 Nf6 4. Bb5 Bb4 5. O-O d6 6. d3 h6 7. Ne2 O-O 8. c3 Ba5
9. Ng3 a6 10. Ba4 b5 11. Bc2 Bb6 12. Be3 Rb8 13. h3 d5 14. Bxb6 Rxb6 15. exd5
Nxd5 16. d4 exd4 17. Nxd4 Nxd4 18. Qxd4 Nf6 19. Rad1 Rd6 20. Qf4 Be6 21. Rxd6
Qxd6 22. Qxd6 cxd6 23. a3 a5 24. Rd1 d5 25. Rd4 Rc8 26. Bd3 Bd7 27. Kf1 Kf8 28.
Ke2 Ke7 29. Kd2 Kd6 30. Bf5 g6 31. Bxd7 Nxd7 32. Nf1 Nc5 33. Kc2 Ne6 34. Rd1 Ke5
35. Ne3 d4 36. Ng4+ Ke4 37. Nxh6 f5 38. Nf7 Kd5 39. Re1 Re8 40. Re5+ Kc6 41. Rxe6+
Rxe6 42. Nd8+ 1-0

[Event "Mistrzostwa Polski Juniorow Mlodszych do lat 12 - OOM Zachodniopomorskie 2023"]
[Site "Darlowek"]
[Date "1899-12-30"]
[Round "4.20"]
[White "Marcinkowski, Adam"]
[Black "Lewek, Jakub"]
[Result "1/2-1/2"]
[WhiteTitle "II"]
[BlackTitle "I"]
[WhiteElo "1363"]
[BlackElo "1337"]

1. d4 d5 2. c4 c6 3. cxd5 cxd5 4. Nc3 Nf6 5. Bf4 a6 6. e3 Nc6 7. Bd3 b5 8. Rc1
Qb6 9. Nge2 e6 10. O-O Be7 11. Bb1 Bb7 12. f3 e5 13. dxe5 Nxe5 14. Qd4 Qxd4 15.
Nxd4 Nc6 16. Rfe1 O-O 17. Nxd5 Nxd5 18. Nxc6 Bxc6 19. Rxc6 Bb4 20. Rd1 Rad8 21.
Be4 Nxf4 22. Rxd8 Rxd8 23. exf4 Rd1+ 24. Kf2 Rd2+ 25. Kg3 Rxb2 26. Rxa6 Be1+ 27.
Kh3 g6 28. Bd5 Rd2 29. Bb3 Rd7 30. Kg4 Kg7 31. g3 Bc3 32. f5 h5+ 33. Kf4 Bd2+
34. Ke4 Re7+ 1/2-1/2

[Event "Mistrzostwa Polski Juniorow Mlodszych do lat 12 - OOM Zachodniopomorskie 2023"]
[Site "Darlowek"]
[Date "1899-12-30"]
[Round "4.21"]
[White "Misiek, Marcel"]
[Black "Chmiel, Krzysztof"]
[Result "1/2-1/2"]
[WhiteTitle "II+"]
[BlackTitle "II"]
[WhiteElo "1350"]
[BlackElo "1283"]

1. d4 d5 2. c4 e6 3. Nc3 Nf6 4. Nf3 c6 5. Bf4 Bd6 6. Bxd6 Qxd6 7. e3 O-O 8. Be2
Nbd7 9. O-O Re8 10. Qc2 dxc4 11. Bxc4 Nb6 12. Bd3 Nbd5 13. Nxd5 exd5 14. Rfe1
h6 15. h3 Bd7 16. Rad1 Qc7 17. e4 dxe4 18. Bxe4 Nxe4 19. Rxe4 Rxe4 20. Qxe4 Re8
21. Qd3 Be6 22. a3 Bd5 23. Ne5 f6 24. Ng4 Qe7 25. Ne3 Qe4 26. Qxe4 Bxe4 27. Re1
Bg6 28. f3 Kf7 29. Kf2 Bd3 30. b4 Rd8 31. d5 cxd5 32. Rd1 Bb5 33. Rxd5 Rxd5 34.
Nxd5 Bc6 35. Nc3 Ke6 36. Ke3 Kf5 37. g3 h5 38. Ne2 Ke5 39. Nd4 Bd7 40. h4 Kd5
41. Kd3 g5 42. b5 Kc5 43. Ke4 Kc4 44. f4 gxh4 45. gxh4 Bg4 46. f5 Bh3 47. Ne6
Kxb5 48. Ng7 Bg4 49. Ne8 Kc6 50. Nxf6 Bd1 51. Ke5 a5 52. Nd5 Bb3 53. Nf4 b5 54.
Nxh5 b4 55. a4 Bxa4 56. Nf4 b3 57. Nd3 Bb5 58. Kd4 Kd6 59. h5 a4 60. Kc3 Ke7 61.
Nf4 Bd7 62. Ng6+ Kf7 63. h6 Kg8 64. f6 Be8 65. Ne5 Bh5 66. Kb2 Kh7 67. Ng4 Kg6
68. f7 Kxf7 69. h7 Kg7 70. Nf2 Kxh7 71. Nd3 Kg7 72. Nc5 Be8 73. Nxb3 Kf6 74. Nc5
Ke5 75. Ka3 Kd4 76. Nxa4 Bxa4 77. Kxa4 1/2-1/2

[Event "Mistrzostwa Polski Juniorow Mlodszych do lat 12 - OOM Zachodniopomorskie 2023"]
[Site "Darlowek"]
[Date "1899-12-30"]
[Round "4.22"]
[White "Goralski, Mateusz"]
[Black "Szymczyk, Jan"]
[Result "1/2-1/2"]
[WhiteTitle "II"]
[BlackTitle "II"]
[WhiteElo "1341"]
[BlackElo "1269"]

1. e4 c5 2. Nf3 Nc6 3. d4 cxd4 4. Nxd4 g6 5. c4 Bg7 6. Be3 Nf6 7. Nc3 Ng4 8. Qxg4
Nxd4 9. Qd1 Ne6 10. Rc1 O-O 11. Bd3 b6 12. O-O Bb7 13. f3 Bc6 14. a4 a5 15. Nd5
Nc5 16. b3 Rb8 17. Nc3 Qc7 18. Nb5 Bxb5 19. cxb5 d6 20. Bc4 e6 21. Bf4 Rfd8 22.
Qd2 Rd7 23. Rfd1 Rbd8 24. b4 axb4 25. Qxb4 Qb7 26. Bb3 d5 27. exd5 exd5 28. a5
Nxb3 29. Qxb3 bxa5 30. b6 a4 1/2-1/2

[Event "Mistrzostwa Polski Juniorow Mlodszych do lat 12 - OOM Zachodniopomorskie 2023"]
[Site "Darlowek"]
[Date "1899-12-30"]
[Round "4.23"]
[White "Wasiluk, Dominik"]
[Black "Hlubek, Tymoteusz"]
[Result "1/2-1/2"]
[WhiteTitle "II+"]
[BlackTitle "II+"]
[WhiteElo "1335"]
[BlackElo "1203"]

1. e4 c6 2. d4 d5 3. exd5 cxd5 4. Bd3 Nc6 5. c3 Nf6 6. Bf4 Bg4 7. Qb3 Qc8 8. h3
Bh5 9. Nd2 e6 10. Ngf3 Be7 11. O-O O-O 12. Rfe1 Bg6 13. Bxg6 hxg6 14. Ne5 Nd7
15. Nd3 Nb6 16. Ne5 Nd7 17. Nxd7 Qxd7 18. Qa4 Ne5 19. Qc2 Nc6 20. Qd1 Bd6 21.
Bxd6 Qxd6 22. Qg4 Qe7 23. h4 Qf6 24. Nf3 Qf5 25. Qg3 b5 26. Ne5 Nxe5 27. Qxe5
Qxe5 28. Rxe5 a5 29. a4 b4 30. cxb4 axb4 31. b3 Rfc8 32. Re3 Kf8 33. Kf1 Ke7 34.
Ke1 Kd6 35. Rf3 Rc7 36. Kd2 Rac8 37. Ra2 Ke7 38. Re3 Kd6 39. Rb2 Kd7 40. Rg3 Rc1
41. Rf3 Ke7 42. Ra2 R1c7 43. Re3 Kd6 44. g3 Kd7 45. Re1 f6 46. Re3 Kd6 47. Rb2
e5 48. Rd3 e4 49. Re3 Rc1 50. Ra2 Rf1 1/2-1/2

[Event "Mistrzostwa Polski Juniorow Mlodszych do lat 12 - OOM Zachodniopomorskie 2023"]
[Site "Darlowek"]
[Date "1899-12-30"]
[Round "4.24"]
[White "Zalewski, Witold"]
[Black "Iwan, Patryk"]
[Result "1-0"]
[WhiteTitle "II"]
[BlackTitle "II"]
[WhiteElo "1292"]
[BlackElo "1297"]

1. Nf3 d5 2. g3 Nf6 3. Bg2 c6 4. d4 e6 5. O-O Bd6 6. Nbd2 Nbd7 7. Re1 h6 8. c4
O-O 9. Qc2 Re8 10. e4 dxe4 11. Nxe4 Nxe4 12. Qxe4 Nf6 13. Qc2 Qc7 14. Bd2 Rb8
15. c5 Bf8 16. Bf4 e5 17. Rxe5 Bd6 18. Rxe8+ Nxe8 19. cxd6 Qd7 20. Re1 g5 21.
Re7 Qd8 22. Ne5 Be6 23. Nxf7 Bxf7 24. Qf5 Qxe7 25. dxe7 gxf4 26. Be4 Bg6 27. Qxg6+
Ng7 28. Qh7+ Kf7 29. e8=Q+ 1-0

[Event "Mistrzostwa Polski Juniorow Mlodszych do lat 12 - OOM Zachodniopomorskie 2023"]
[Site "Darlowek"]
[Date "1899-12-30"]
[Round "4.25"]
[White "Madejski, Milosz"]
[Black "Ladon, Tymoteusz"]
[Result "1-0"]
[WhiteTitle "II"]
[BlackTitle "II"]
[WhiteElo "1236"]
[BlackElo "1292"]

1. d4 Nf6 2. c4 g6 3. Nf3 Bg7 4. Nc3 O-O 5. Bg5 d6 6. e3 h6 7. Bh4 c5 8. Bd3 b6
9. O-O Bb7 10. d5 g5 11. Bg3 e5 12. Nd2 Na6 13. a3 Nc7 14. f4 Nd7 15. Nde4 gxf4
16. exf4 Qe7 17. f5 f6 18. Qh5 b5 19. b3 bxc4 20. bxc4 Ne8 21. Nb5 a6 22. Nbc3
Qf7 23. Qe2 Kh7 24. Qd1 Rg8 25. Be2 Qe7 26. Bh5 Bf8 27. Bg6+ Kh8 28. Qh5 Nb6 29.
Bh4 Qg7 30. Rf3 Be7 31. Rb1 Bd8 32. Rh3 Bc8 33. g3 Bxf5 34. Bxf5 Nxc4 35. Rb7
Nc7 36. Rxc7 Bxc7 37. Bxf6 1-0

[Event "Mistrzostwa Polski Juniorow Mlodszych do lat 12 - OOM Zachodniopomorskie 2023"]
[Site "Darlowek"]
[Date "1899-12-30"]
[Round "4.26"]
[White "Kucinski, Jan"]
[Black "Rabenda, Grzegorz"]
[Result "0-1"]
[WhiteTitle "II"]
[BlackTitle "II"]
[WhiteElo "1116"]
[BlackElo "1322"]

1. e4 c5 2. f4 Nc6 3. Nf3 g6 4. Bb5 Bg7 5. Nc3 Nf6 6. O-O O-O 7. d3 a6 8. Bxc6
bxc6 9. Qe1 d5 10. e5 Ng4 11. Na4 Rb8 12. Nxc5 Qb6 13. d4 Rd8 14. b3 Bf5 15. Bd2
Qa7 16. Rc1 Nh6 17. Kh1 Bg4 18. h3 Bxf3 19. Rxf3 Nf5 20. Be3 Rb4 21. c3 Rb5 22.
g4 Nxe3 23. Qxe3 e6 24. Rg1 Bf8 25. f5 Bxc5 26. dxc5 Qxc5 27. Qh6 Qf8 28. Qxf8+
Rxf8 29. Kg2 Rc5 30. f6 Ra5 31. a4 Rb8 32. Rb1 Rxa4 33. Rff1 Ra3 34. Ra1 Raxb3
35. Rxa6 Rxc3 36. Rb1 Rc2+ 37. Kg3 Rf8 38. Kf4 h6 39. h4 c5 40. Rc6 c4 41. Ke3
Rc3+ 42. Kf4 Rd3 43. Rc1 Rd4+ 44. Kf3 Re4 45. g5 h5 46. Rc5 Rxh4 47. Ke3 Rg4 0-1

[Event "Mistrzostwa Polski Juniorow Mlodszych do lat 12 - OOM Zachodniopomorskie 2023"]
[Site "Darlowek"]
[Date "1899-12-30"]
[Round "5.1"]
[White "Rozanski, Mateusz"]
[Black "Karaszewski, Gabriel"]
[Result "1-0"]
[WhiteTitle "I"]
[BlackTitle "I"]
[WhiteElo "1693"]
[BlackElo "1769"]

1. e4 c5 2. Nf3 d6 3. d4 cxd4 4. Nxd4 Nf6 5. Nc3 a6 6. h3 e5 7. Nb3 h5 8. f4 g6
9. fxe5 dxe5 10. Qxd8+ Kxd8 11. Bg5 Be7 12. O-O-O Nfd7 13. Bxe7+ Kxe7 14. Nd5+
Kd8 15. Nb6 Ra7 16. Bc4 Ke7 17. Nd5+ Kf8 18. a4 a5 19. Rhf1 Rh7 20. Nc7 Nb6 21.
Bxf7 Rxf7 22. Rd8+ Kg7 23. Ne8+ Kf8 24. Nd6+ Ke7 25. Nxf7 Nc6 26. Rh8 Be6 27.
Rh7 Bxf7 28. Rfxf7+ Kd6 29. Rf6# 1-0

[Event "Mistrzostwa Polski Juniorow Mlodszych do lat 12 - OOM Zachodniopomorskie 2023"]
[Site "Darlowek"]
[Date "1899-12-30"]
[Round "5.2"]
[White "Witczak, Borys"]
[Black "Brzezina, Piotr"]
[Result "1-0"]
[WhiteTitle "I"]
[BlackTitle "I"]
[WhiteElo "1874"]
[BlackElo "1956"]

1. d4 Nf6 2. c4 e6 3. Nc3 Bb4 4. Qc2 c5 5. dxc5 O-O 6. Nf3 Na6 7. g3 Nxc5 8. Bg2
Nce4 9. O-O Bxc3 10. bxc3 d5 11. Ng5 Nd6 12. Ba3 h6 13. e4 Re8 14. Bxd6 Qxd6 15.
Nf3 Nxe4 16. Rad1 Qc5 17. Ne5 Nf6 18. Qb3 Qc7 19. f4 Rd8 20. Rd4 b6 21. Rfd1 Bb7
22. Qc2 Rac8 23. Qe2 Ba6 24. g4 Bxc4 25. Nxc4 dxc4 26. g5 Rxd4 27. Rxd4 hxg5 28.
fxg5 Qc5 29. gxf6 e5 30. Qg4 g6 31. Bd5 Kf8 32. Qd7 Qc7 33. Rh4 Qc5+ 34. Kg2 1-0

[Event "Mistrzostwa Polski Juniorow Mlodszych do lat 12 - OOM Zachodniopomorskie 2023"]
[Site "Darlowek"]
[Date "1899-12-30"]
[Round "5.3"]
[White "Dobrowolski, Kamil"]
[Black "Golis, Wiktor"]
[Result "1/2-1/2"]
[WhiteTitle "II"]
[BlackTitle "I++"]
[WhiteElo "1532"]
[BlackElo "2046"]

1. e4 c6 2. d4 d5 3. Nc3 dxe4 4. Nxe4 Nf6 5. Nxf6+ exf6 6. Bc4 Na6 7. d5 Qe7+ 8.
Qe2 Nb4 9. Qxe7+ Bxe7 10. Bb3 Nxd5 11. Bxd5 cxd5 12. Be3 O-O 13. O-O-O Rd8 14.
Ne2 Bf5 15. c3 a6 16. Rd2 Rac8 17. Rhd1 Bc5 18. Bxc5 Rxc5 19. f3 g5 20. b4 Rcc8
21. Rxd5 Rxd5 22. Rxd5 Be6 23. Rd2 Kg7 24. Kb2 Kg6 25. Rd6 Re8 26. Nd4 Bc4 27.
Rd7 b5 28. Ra7 Re1 29. Rxa6 Rh1 30. a4 bxa4 31. Rxa4 Rxh2 32. b5 Rxg2+ 33. Ka3
Ra2+ 34. Kb4 Rxa4+ 35. Kxa4 h5 36. b6 Ba6 37. c4 h4 38. Ne2 h3 39. Ng3 h2 40.
c5 Bb7 41. Kb5 Bxf3 42. c6 f5 43. b7 f4 44. b8=Q 1/2-1/2

[Event "Mistrzostwa Polski Juniorow Mlodszych do lat 12 - OOM Zachodniopomorskie 2023"]
[Site "Darlowek"]
[Date "1899-12-30"]
[Round "5.4"]
[White "Chiszko, Oskar"]
[Black "Perucki, Maciej"]
[Result "1-0"]
[WhiteTitle "I"]
[BlackTitle "I"]
[WhiteElo "1895"]
[BlackElo "1526"]

1. d4 d5 2. c4 e6 3. Nc3 c6 4. Nf3 Nf6 5. e3 Bd6 6. Qc2 O-O 7. Bd3 Nbd7 8. O-O
a6 9. e4 Nxe4 10. Nxe4 dxe4 11. Bxe4 h6 12. Rd1 Qe7 13. b3 a5 14. Bb2 Nf6 15.
Re1 Qc7 16. h3 Bd7 17. Rad1 Rac8 18. Qb1 Rfe8 19. Qd3 Nxe4 20. Rxe4 Rcd8 21. Re2
b5 22. c5 Be7 23. Ree1 Bc8 24. Qe4 Bf6 25. Ne5 Bxe5 26. dxe5 Rd5 27. Rxd5 exd5
28. Qb1 Qe7 29. Bd4 Qg5 30. Re3 Qh5 31. Rf3 Qh4 32. Qd3 Re6 33. Rg3 Qe4 34. Re3
Qxd3 35. Rxd3 Re7 36. g4 g6 37. Kg2 Kh7 38. Kg3 Ba6 39. f4 b4 40. Rf3 Bc8 41.
f5 Kg8 42. e6 fxe6 43. f6 Ra7 44. Kf4 Kf7 45. h4 a4 46. Ke5 a3 47. Be3 Rd7 48.
Bd4 Rd8 49. Rf4 Ba6 50. g5 hxg5 51. hxg5 Rh8 52. Kd6 Bb5 53. Bf2 Rh2 54. Bd4 Rh5
55. Be5 Rxg5 56. Rxb4 Rh5 57. Rg4 Rh8 58. Rg3 d4 59. Bxd4 Rd8+ 60. Ke5 Rd5+ 61.
Ke4 e5 62. Bxe5 Rxc5 63. Rg2 Rd5 64. Rg3 Rd2 65. Rh3 Re2+ 66. Kf4 Kg8 67. Bd4
Re8 68. Kg5 Kf7 69. Rh7+ Ke6 70. Bc5 Bd3 71. f7 1-0

[Event "Mistrzostwa Polski Juniorow Mlodszych do lat 12 - OOM Zachodniopomorskie 2023"]
[Site "Darlowek"]
[Date "1899-12-30"]
[Round "5.5"]
[White "Boryna, Szymon"]
[Black "Ochedzan, Filip"]
[Result "1-0"]
[WhiteTitle "II+"]
[BlackTitle "I"]
[WhiteElo "1478"]
[BlackElo "1856"]

1. c4 e5 2. Nc3 Nf6 3. Nf3 Nc6 4. e3 Be7 5. d4 exd4 6. exd4 d5 7. c5 Ne4 8. h3
O-O 9. Bd3 Re8 10. O-O Bf6 11. Be3 Bf5 12. a3 Nb8 13. Qb3 Nxc5 14. dxc5 Bxd3 15.
Rfd1 Bc4 16. Qxb7 Bxc3 17. bxc3 Nd7 18. c6 Nb6 19. Bf4 Qf6 20. Bxc7 Be2 21. Bxb6
axb6 22. Re1 Bxf3 23. gxf3 Qxf3 24. Rxe8+ Rxe8 25. Qd7 Qe4 26. Rd1 Qg6+ 27. Kh2
Qe6 28. Qxd5 Kf8 29. c7 Qe2 30. Qd6+ Kg8 31. Rd2 Qc4 32. Qd8 Kf8 33. Rd4 Qc5 34.
Kg1 Qxc3 35. Re4 Qc1+ 36. Kg2 g6 37. Rxe8+ Kg7 38. Qd4+ Kh6 39. Qe3+ 1-0

[Event "Mistrzostwa Polski Juniorow Mlodszych do lat 12 - OOM Zachodniopomorskie 2023"]
[Site "Darlowek"]
[Date "1899-12-30"]
[Round "5.6"]
[White "Obrycki, Tomasz"]
[Black "Mielcuch, Karol"]
[Result "1-0"]
[WhiteTitle "I"]
[BlackTitle "II"]
[WhiteElo "1786"]
[BlackElo "1363"]

1. e4 c5 2. Nf3 e6 3. g3 Nc6 4. Bg2 Nf6 5. d3 Be7 6. O-O O-O 7. Qe2 d6 8. h3 Nd7
9. c3 Nde5 10. Ne1 f5 11. f4 Nd7 12. Nc2 fxe4 13. dxe4 e5 14. f5 Bg5 15. Nba3
Bxc1 16. Raxc1 Nb6 17. Rcd1 a6 18. Rd2 Ne7 19. g4 h6 20. Rfd1 Rf6 21. h4 Nc6 22.
g5 hxg5 23. hxg5 Rf8 24. Qh5 Bxf5 25. exf5 Rxf5 26. Rxd6 Qe7 27. Qg6 Rxg5 28.
Qe6+ Qxe6 29. Rxe6 Na4 30. Nc4 b5 31. Rxc6 bxc4 32. Rd2 Nxb2 33. Rxc5 Rb8 34.
Nb4 Nd3 35. Nxd3 cxd3 36. Rxd3 Rb1+ 37. Kh2 Rb2 38. Rg3 Rh5+ 39. Kg1 Rb1+ 40.
Kf2 Rf5+ 41. Ke3 Re1+ 42. Kd2 Ra1 43. Rc8+ Kf7 44. Bd5+ Ke7 45. Rxg7+ Kd6 46.
Rd8+ Kc5 47. Rc7+ Kb6 48. Rc6+ Kb5 49. Rb8+ Ka5 50. Rc5+ Ka4 51. Rb4+ Ka3 52.
Ra5# 1-0

[Event "Mistrzostwa Polski Juniorow Mlodszych do lat 12 - OOM Zachodniopomorskie 2023"]
[Site "Darlowek"]
[Date "1899-12-30"]
[Round "5.7"]
[White "Radzimski, Antoni"]
[Black "Sakharchuk, Aliaksandr"]
[Result "1/2-1/2"]
[WhiteTitle "I++"]
[BlackTitle "II+"]
[WhiteElo "1960"]
[BlackElo "1378"]

1. d4 d5 2. c4 c6 3. e3 Nf6 4. Nf3 Bf5 5. Nc3 e6 6. Nh4 Bg6 7. Nxg6 hxg6 8. Bd2
Nbd7 9. g3 Bd6 10. Qb3 Qc7 11. Bg2 O-O 12. O-O Rfe8 13. Rac1 Qb6 14. c5 Qxb3 15.
axb3 Bc7 16. b4 a6 17. f4 Rad8 18. h3 Nh7 19. h4 f5 20. Bf3 Nhf6 21. Kg2 Kf7 22.
Nd1 Ne4 23. Bxe4 dxe4 24. Nf2 Nf6 25. g4 Nd5 26. Rce1 Rh8 27. Rh1 Rh6 28. Nh3
Rdh8 29. Ng5+ Ke7 30. gxf5 gxf5 31. Kg3 Kf6 32. Rh3 g6 33. Reh1 Rh5 34. Rc1 Ra8
35. Kf2 Rah8 36. Rch1 Rd8 37. Ke2 Rdh8 38. R3h2 Rd8 39. Rg1 Rdh8 40. Be1 Rd8 41.
Rhg2 Rg8 42. Nh3 Ne7 43. Nf2 Nd5 44. Nd1 Bxf4 45. exf4 Nxf4+ 46. Ke3 Nxg2+ 47.
Rxg2 g5 48. Nc3 Rg6 49. hxg5+ Rgxg5 50. Bg3 Rh3 51. Ne2 Rg4 52. Kf2 Kg5 53. Bf4+
Kh5 54. Bg3 Kg5 55. Bf4+ Kf6 56. Bg3 f4 57. Nxf4 Rxf4+ 58. Bxf4 1/2-1/2

[Event "Mistrzostwa Polski Juniorow Mlodszych do lat 12 - OOM Zachodniopomorskie 2023"]
[Site "Darlowek"]
[Date "1899-12-30"]
[Round "5.8"]
[White "Pawlicz, Filip"]
[Black "Korszanski, Stanislaw"]
[Result "1-0"]
[WhiteTitle "II"]
[BlackTitle "I"]
[WhiteElo "1429"]
[BlackElo "1622"]

1. e4 e5 2. Nf3 Nc6 3. Bb5 Nge7 4. O-O g6 5. d4 exd4 6. Nxd4 Bg7 7. c3 O-O 8. Be3
a6 9. Ba4 b5 10. Bc2 Bb7 11. Nd2 d5 12. Nxc6 Bxc6 13. Bc5 Re8 14. Re1 Qd7 15.
Nb3 Rad8 16. Nd4 Bb7 17. e5 Nc6 18. f4 Bf8 19. Bxf8 Kxf8 20. b4 f6 21. e6 Qd6
22. f5 Ne5 23. Nb3 Ke7 24. Nc5 Ba8 25. Qd4 Rg8 26. Nd7 Rxd7 27. exd7 gxf5 28.
Qh4 Rg7 29. Rxe5+ Kxd7 30. Bxf5+ Kd8 31. Rae1 Rg8 32. Re6 Rxg2+ 33. Kxg2 d4+ 34.
Kg1 dxc3 35. Re8# 1-0

[Event "Mistrzostwa Polski Juniorow Mlodszych do lat 12 - OOM Zachodniopomorskie 2023"]
[Site "Darlowek"]
[Date "1899-12-30"]
[Round "5.9"]
[White "Mroczkowski, Adam"]
[Black "Kaszuba, Michal"]
[Result "0-1"]
[WhiteTitle "II"]
[BlackTitle "II+"]
[WhiteElo "1402"]
[BlackElo "1527"]

1. e4 c5 2. Nf3 g6 3. d4 cxd4 4. Nxd4 Nc6 5. Nc3 Bg7 6. Be3 Nf6 7. Bc4 O-O 8. Bb3
Qa5 9. O-O d6 10. h3 Bd7 11. Kh1 Nxd4 12. Bxd4 Bc6 13. f3 Nh5 14. Re1 Qg5 15.
Be3 Qh4 16. Qd2 Be5 17. Bf2 Bg3 18. Bxg3 Qxg3 19. Ne2 Qe5 20. c3 Ng3+ 21. Nxg3
Qxg3 22. Rad1 Rad8 23. Bd5 e6 24. Bb3 d5 25. exd5 Bxd5 26. Bxd5 Rxd5 27. Qe2 Rfd8
28. Rxd5 Rxd5 29. Rd1 Qd6 30. Rxd5 Qxd5 31. b3 e5 32. Qe4 Qxe4 33. fxe4 f5 34.
Kg1 f4 35. Kf2 g5 36. Kf3 h5 37. a4 b6 38. g4 hxg4+ 39. hxg4 Kf7 40. Ke2 Ke6 41.
Kd2 Kd6 42. Ke2 Kc5 43. Kd3 a5 44. Ke2 b5 45. axb5 Kxb5 46. Kd3 a4 47. c4+ Kb4
48. c5 Kxc5 49. bxa4 Kb4 50. Kd2 Kxa4 51. Kc3 Kb5 52. Kd3 Kb4 53. Ke2 Kc3 54.
Kf3 Kd3 55. Kf2 Kxe4 56. Ke2 f3+ 57. Kf2 Kf4 58. Kf1 Kxg4 0-1

[Event "Mistrzostwa Polski Juniorow Mlodszych do lat 12 - OOM Zachodniopomorskie 2023"]
[Site "Darlowek"]
[Date "1899-12-30"]
[Round "5.10"]
[White "Zawal, Krzysztof"]
[Black "Czeremcha, Piotr"]
[Result "1-0"]
[WhiteTitle "I"]
[BlackTitle "II"]
[WhiteElo "1462"]
[BlackElo "1382"]

1. e4 c6 2. d4 d5 3. exd5 cxd5 4. c4 e6 5. Nc3 Nf6 6. Bg5 Be7 7. Nf3 Nc6 8. c5
O-O 9. Bb5 Nd7 10. Bxe7 Qxe7 11. O-O Nf6 12. Bxc6 bxc6 13. Ne5 Qc7 14. Qa4 Bb7
15. b4 Nd7 16. Nxd7 Qxd7 17. b5 e5 18. dxe5 d4 19. Rfd1 cxb5 20. Qxd4 Qc6 21.
f3 Rac8 22. Ne4 Qg6 23. Rac1 Bxe4 24. Qxe4 Qxe4 25. fxe4 Rfe8 26. Rd5 Kf8 27.
Kf2 Re6 28. Ke3 Rec6 29. Kd4 Ke7 30. Rd6 R6c7 31. Kd5 b4 32. c6 a5 33. Kc5 Rb8
34. Rcd1 Rcc8 35. Rd7+ Ke6 36. R1d5 a4 37. g3 Re8 38. c7 Rb7 39. Kc6 Ra7 40. Rd8
Rxc7+ 41. Kxc7 Re7+ 42. Kc6 f5 43. R8d6+ Kf7 44. Rd7 fxe4 45. Rxe7+ Kxe7 46. Rd4
b3 47. axb3 axb3 48. Rxe4 b2 49. Rb4 b1=N 50. Rxb1 h5 51. Kd5 h4 52. Rb7+ 1-0

[Event "Mistrzostwa Polski Juniorow Mlodszych do lat 12 - OOM Zachodniopomorskie 2023"]
[Site "Darlowek"]
[Date "1899-12-30"]
[Round "5.11"]
[White "Gorecki, Michal"]
[Black "Staniczek, Kacper"]
[Result "1-0"]
[WhiteTitle "II"]
[BlackTitle "I"]
[WhiteElo "1408"]
[BlackElo "1464"]

1. e4 e5 2. Nf3 Nc6 3. Bb5 Bc5 4. O-O Nd4 5. Nxd4 Bxd4 6. c3 Bb6 7. d4 c6 8. Ba4
d6 9. Re1 Nf6 10. Bg5 h6 11. Bh4 Qe7 12. Na3 Bd7 13. Bc2 Qe6 14. Bb3 Qg4 15. Bxf6
Qxd1 16. Raxd1 gxf6 17. dxe5 fxe5 18. Nc4 Bc7 19. Nxd6+ Bxd6 20. Rxd6 Rh7 21.
Red1 Rd8 22. f3 Ke7 23. Kf2 f6 24. Ke3 Rg7 25. R1d2 Rh7 26. f4 Rhh8 27. f5 Bc8
28. Rxd8 Rxd8 29. Rxd8 Kxd8 30. Kf3 Ke7 31. Kg4 Kf8 32. Kh5 Kg7 33. Be6 Bxe6 34.
fxe6 b6 35. b3 a6 36. a4 b5 37. c4 b4 38. g4 Kf8 39. Kxh6 Ke7 40. Kg6 Kxe6 41.
c5 a5 42. h4 1-0

[Event "Mistrzostwa Polski Juniorow Mlodszych do lat 12 - OOM Zachodniopomorskie 2023"]
[Site "Darlowek"]
[Date "1899-12-30"]
[Round "5.12"]
[White "Gibala, Adam"]
[Black "Kisiel, Wiktor"]
[Result "1-0"]
[WhiteTitle "I"]
[BlackTitle "II"]
[WhiteElo "1915"]
[BlackElo "1458"]

1. d4 Nf6 2. c4 e6 3. g3 d5 4. Nf3 Bb4+ 5. Bd2 Be7 6. Bg2 O-O 7. Qc2 Nbd7 8. O-O
dxc4 9. Qxc4 c5 10. dxc5 Nxc5 11. Be3 b6 12. Bxc5 Bxc5 13. b4 Bd6 14. Nd4 Nd5
15. Nc3 Bb7 16. Nxd5 Rc8 17. Qd3 Bxd5 18. Bxd5 exd5 19. b5 Be5 20. Rac1 Bxd4 21.
Qxd4 Qe7 22. e3 Rc5 23. Rxc5 Qxc5 24. Qxc5 bxc5 25. Rc1 Rc8 26. Kf1 Kf8 27. Ke2
c4 28. Kd2 Ke7 29. Kc3 f5 30. Kd4 Kd6 31. h4 h5 32. a4 Rb8 33. f3 Rb7 34. e4 Re7
35. exd5 Re5 36. Rxc4 Rxd5+ 37. Ke3 Rd1 38. Rc6+ Ke5 39. Rc7 Ra1 40. Re7+ Kd5
41. Rxa7 1-0

[Event "Mistrzostwa Polski Juniorow Mlodszych do lat 12 - OOM Zachodniopomorskie 2023"]
[Site "Darlowek"]
[Date "1899-12-30"]
[Round "5.13"]
[White "Jasiulewicz, Kamil"]
[Black "Morozov, Artem"]
[Result "1/2-1/2"]
[WhiteTitle "II"]
[BlackTitle "II+"]
[WhiteElo "1486"]
[BlackElo "1452"]

1. d4 d5 2. Nf3 e6 3. Bg5 Be7 4. Bf4 Nf6 5. e3 c5 6. Bb5+ Bd7 7. Bxd7+ Nbxd7 8.
O-O Nh5 9. Be5 f6 10. Bg3 Nxg3 11. hxg3 Qc7 12. dxc5 Nxc5 13. Nbd2 Rd8 14. Nd4
e5 15. N4b3 b6 16. Rc1 O-O 17. Qe2 Rfe8 18. c3 a5 19. Rfd1 a4 20. Nxc5 bxc5 21.
e4 dxe4 22. Qxe4 Qa5 23. Qc4+ Kh8 24. Nf3 Qb6 25. Qxa4 Qxb2 26. Rxd8 Rxd8 27.
Rc2 Qb1+ 28. Kh2 Qd1 29. Qe4 Qb1 30. Re2 Qxe4 31. Rxe4 Ra8 32. Re2 Ra3 33. Rc2
Kg8 34. Kg1 Kf7 35. Kf1 Ke6 36. Ke2 c4 37. Nd2 Kd5 38. Nb1 Ra4 39. Rb2 h6 40.
Nd2 Ke6 41. Rb6+ Kd7 42. Rb7+ Kd6 43. Rb2 h5 44. Ke3 Kd5 45. Rb5+ Kc6 46. Rb2
Kd5 47. f4 Bc5+ 48. Kf3 Ra3 49. Rc2 exf4 50. gxf4 f5 51. Nb1 Ra6 52. Rd2+ 1/2-1/2